<?xml version="1.0" encoding="UTF-8"?>
<record
    xmlns:xsi="http://www.w3.org/2001/XMLSchema-instance"
    xsi:schemaLocation="http://www.loc.gov/MARC21/slim http://www.loc.gov/standards/marcxml/schema/MARC21slim.xsd"
    xmlns="http://www.loc.gov/MARC21/slim">

  <leader>01107nam a22002537a 4500</leader>
  <controlfield tag="003">OSt</controlfield>
  <controlfield tag="005">20160321172402.0</controlfield>
  <controlfield tag="008">130604s2003    sp ||||| |||| 00| 0 spa d</controlfield>
  <datafield tag="020" ind1=" " ind2=" ">
    <subfield code="a">8423334414</subfield>
  </datafield>
  <datafield tag="040" ind1=" " ind2=" ">
    <subfield code="c">CDMR</subfield>
  </datafield>
  <datafield tag="245" ind1="0" ind2=" ">
    <subfield code="a">Cuatro historias de la Rep&#xFA;blica</subfield>
    <subfield code="c">Julio Camba, Gaziel, Josep Pla, Manuel Chaves Nogales ; edici&#xF3;n a cargo de Xavier Pericay ; pr&#xF3;logos de Arcadi Espada, Xavier Pericay, Xavier Pla, Andr&#xE9;s Trapiello</subfield>
  </datafield>
  <datafield tag="260" ind1=" " ind2=" ">
    <subfield code="a">Barcelona</subfield>
    <subfield code="b">Destino</subfield>
    <subfield code="c">2003</subfield>
  </datafield>
  <datafield tag="300" ind1=" " ind2=" ">
    <subfield code="a">1101 p.</subfield>
  </datafield>
  <datafield tag="490" ind1=" " ind2=" ">
    <subfield code="a">Imago mundi</subfield>
    <subfield code="v">18</subfield>
  </datafield>
  <datafield tag="505" ind1=" " ind2=" ">
    <subfield code="a">Cont&#xE9;: Madrid, el advenimiento de la Rep&#xFA;blica / Josep Pla ; Los enemigos de la rep&#xFA;blica / Manuel Chaves Nogales ; Haciendo de rep&#xFA;blica / Julio Camba ; La Rep&#xFA;blica sin republicanos, comentarios libres / Gaziel</subfield>
  </datafield>
  <datafield tag="650" ind1="0" ind2="4">
    <subfield code="9">3305</subfield>
    <subfield code="a">Republicanisme</subfield>
    <subfield code="y">1931-1936</subfield>
  </datafield>
  <datafield tag="650" ind1="0" ind2="4">
    <subfield code="9">3533</subfield>
    <subfield code="a">Escriptors</subfield>
    <subfield code="z">Espanya</subfield>
    <subfield code="v">Recull d'escrits</subfield>
  </datafield>
  <datafield tag="700" ind1="1" ind2=" ">
    <subfield code="9">49</subfield>
    <subfield code="a">Gaziel</subfield>
    <subfield code="d">1887-1964</subfield>
  </datafield>
  <datafield tag="700" ind1="1" ind2=" ">
    <subfield code="9">827</subfield>
    <subfield code="a">Pla, Josep</subfield>
    <subfield code="d">1897-1981</subfield>
  </datafield>
  <datafield tag="700" ind1="1" ind2=" ">
    <subfield code="9">3658</subfield>
    <subfield code="a">Chaves Nogales, Manuel</subfield>
    <subfield code="d">1897-1944</subfield>
  </datafield>
  <datafield tag="700" ind1="1" ind2=" ">
    <subfield code="9">3654</subfield>
    <subfield code="a">Pericay, Xavier</subfield>
    <subfield code="e">ed.</subfield>
  </datafield>
  <datafield tag="700" ind1="1" ind2=" ">
    <subfield code="9">3657</subfield>
    <subfield code="a">Camba, Julio</subfield>
    <subfield code="d">1882-1962</subfield>
  </datafield>
  <datafield tag="942" ind1=" " ind2=" ">
    <subfield code="2">udc</subfield>
    <subfield code="c">MON</subfield>
  </datafield>
  <datafield tag="999" ind1=" " ind2=" ">
    <subfield code="c">6397</subfield>
    <subfield code="d">6397</subfield>
  </datafield>
  <datafield tag="952" ind1=" " ind2=" ">
    <subfield code="0">0</subfield>
    <subfield code="1">0</subfield>
    <subfield code="4">0</subfield>
    <subfield code="7">0</subfield>
    <subfield code="a">CDMR</subfield>
    <subfield code="b">CDMR</subfield>
    <subfield code="d">2013-01-16</subfield>
    <subfield code="l">0</subfield>
    <subfield code="o">Du 5/40</subfield>
    <subfield code="p">CDMR13066610</subfield>
    <subfield code="r">2013-06-04</subfield>
    <subfield code="w">2013-06-04</subfield>
    <subfield code="y">MON</subfield>
  </datafield>
</record>
